Základy komoditného obchodovania

Charakteristika komoditného obchodovania. Zoznam obchodovaných aktív, ktoré patria na futures trhy. Podmienky pri obchodovaní konkrétnej komodity presne zachytené v tzv. "špecifikácii kontraktov". Zarábanie na cenových zmenách. Traderi a hedgeri.

Gespeichert in:
Bibliographische Detailangaben
1. Verfasser: Badura, Peter, 1978-
Format: Buchkapitel
Sprache:Slowakisch
Schlagworte:
Tags: Tag hinzufügen
Keine Tags, Fügen Sie das erste Tag hinzu!

MARC

LEADER 00000nla a2200000 4500
001 0162525
005 20240502072820.6
041 0 |a slo 
044 |a SK 
245 1 0 |a Základy komoditného obchodovania  |c Peter Badura 
520 |a Charakteristika komoditného obchodovania. Zoznam obchodovaných aktív, ktoré patria na futures trhy. Podmienky pri obchodovaní konkrétnej komodity presne zachytené v tzv. "špecifikácii kontraktov". Zarábanie na cenových zmenách. Traderi a hedgeri. 
610 2 0 |a futurity 
610 2 0 |a burzy 
610 2 0 |a burzy komoditné 
610 2 0 |a komodity 
610 2 0 |a plodiny poľnohospodárske 
610 2 0 |a ropa 
610 2 0 |a plyn 
610 2 0 |a kovy 
610 2 0 |a ceny 
610 2 0 |a obchody burzové 
100 1 |a Badura, Peter, 1978-